Central Library OPAC University of Rajshahi

বিচিত চিন্তা / (Record no. 36792)

MARC details
000 -LEADER
fixed length control field 00825nam a2200217 a 4500
001 - CONTROL NUMBER
control field 36792
003 - CONTROL NUMBER IDENTIFIER
rucl marc code BD-RjUL
005 - DATE AND TIME OF LATEST TRANSACTION
control field 20211209052536.0
008 - FIXED-LENGTH DATA ELEMENTS--GENERAL INFORMATION
fixed length control field 140904s1968 bg a|||| |||| 00| 0 be d
035 ## - SYSTEM CONTROL NUMBER
System control number (BD-RjUL)36894
040 ## - CATALOGING SOURCE
Original cataloging agency BD-RjUL
Transcribing agency BD-RjUL
Language of cataloging eng
041 ## - LANGUAGE CODE
Language code of text/sound track or separate title ben
082 ## - DEWEY DECIMAL CLASSIFICATION NUMBER
Classification number 891.4409
Author mark and year SHB 1968
100 ## - MAIN ENTRY--PERSONAL NAME
Personal name শরীফ, আহমদ
9 (RLIN) 112230
245 ## - TITLE STATEMENT
Title বিচিত চিন্তা /
Statement of responsibility, etc. আহমদ শরীফ
260 ## - PUBLICATION, DISTRIBUTION, ETC. (IMPRINT)
Place of publication, distribution, etc. ঢাকা :
Name of publisher, distributor, etc. চৌধুরী পাবলিশিং হাউস,
Date of publication, distribution, etc. ১৯৬৮.
300 ## - PHYSICAL DESCRIPTION
Pagination [৪],৪১৮ পৃ. :
Illustrations চিত্র ;
Size ২২ সেমি.
650 ## - SUBJECT ADDED ENTRY--TOPICAL TERM
Topical term or geographic name as entry element বাংলা সাহিত্য
Form subdivision ইতিহাস ও সমালোচনা
9 (RLIN) 78921
Topical term or geographic name as entry element Bengali Literature
Form subdivision History and Criticism
9 (RLIN) 112198
942 ## - ADDED ENTRY ELEMENTS (KOHA)
Source of classification or shelving scheme Dewey Decimal Classification
Koha item type Books
Holdings
Lost status Source of classification or shelving scheme Damaged status Not for loan Collection code Permanent Location Current Location Shelving location Date acquired Source of acquisition Cost, normal purchase price Total Checkouts Full call number Date last seen Date checked out Copy number Koha item type Total Renewals
  Dewey Decimal Classification     Non-fiction Central Library, University of Rajshahi Central Library, University of Rajshahi   22/05/1973 রাজশাহী, ইসলামী লাইব্রেরী 11.50 5 B 891.4409 SHB 1968 21/01/2019 20/01/2019 C-4 Books  
  Dewey Decimal Classification     Non-fiction Central Library, University of Rajshahi Central Library, University of Rajshahi   03/08/1973 নওরোজ 11.50 5 B 891.4409 SHB 1968 14/05/2025 24/04/2025 C-2 Books  
  Dewey Decimal Classification     Non-fiction Central Library, University of Rajshahi Central Library, University of Rajshahi   06/07/1968 নওরোজ 11.50 5 B 891.4409 SHB 1968 20/01/2022 11/01/2022 C-3 Books  
  Dewey Decimal Classification   Not For Loan Non-fiction Central Library, University of Rajshahi Central Library, University of Rajshahi Reading Room 22/05/1973 ইমপিরিয়াল বুকস, রাজশাহী     B 891.4409 SHB 1968 12/12/2015   C-1 Books  
  Dewey Decimal Classification     Non-fiction Central Library, University of Rajshahi Central Library, University of Rajshahi   11/07/1990 Showkot osman, Dhaka 11.50 1 B 891.4409 SHB 1968 11/12/2016 23/11/2016 C-5 Books  
  Dewey Decimal Classification     Non-fiction Central Library, University of Rajshahi Central Library, University of Rajshahi   30/08/1973 Nowrose kitabitan. 11.50 1 B 891.4409 SHB 1968 10/12/2016 08/12/2016 C-6 Books  
  Dewey Decimal Classification     Non-fiction Central Library, University of Rajshahi Central Library, University of Rajshahi   06/07/1968 Nawroge 11.50   B 891.4409 SHB 1968 21/11/2016   C-7 Books  
  Dewey Decimal Classification     Non-fiction Central Library, University of Rajshahi Central Library, University of Rajshahi   30/08/1973 Mukhdumi & ahosanullah Library, Rajshahi 11.50 1 B 891.4409 SHB 1968 24/06/2018 08/05/2018 C-8 Books 1